• 首页
  • 本馆介绍
  • 公告通知
  • 最新文献
  • 馆藏检索
  • 电子资源
  • 读者导购
  • 参考咨询
  • 我的图书馆
  • 登录
  • 详细信息显示
  • 放入我的书架
  • 预约/预借图书
  • 作者相关作品
  • 分类相关作品
  • 丛书相关作品
  • 出版社相关作品

书目信息

  • 表格格式
  • 工作单格式
  • 卡片格式
题名:
中国旅游地区概况
    
 
作者: 吴玲 , 王世瑛 主编
分册:  
出版信息: 北京   旅游教育出版社  2006
页数: 474页
开本: 26cm
丛书名:
单 册:
中图分类: F592.99
科图分类:
主题词: 旅游区--概况--中国 , 旅游区
电子资源:
ISBN: 7-5637-1405-7
000 00852nam0 2200241 450
001 003366268
005 20070805164616.31
010    @a7-5637-1405-7@dCNY46.00
100    @a20060104d2006 em y0chiy0110 ea
101 0  @achi
102    @aCN@b110000
105    @ay z 000yy
200 1  @a中国旅游地区概况@9zhong guo lv you di qu gai kuang@f吴玲,王世瑛主编
210    @a北京@c旅游教育出版社@d2006
215    @a474页@d26cm
330    @a本书基本以地理分区为章,以省、自治区、直辖市旅游资源亚区为节,介绍了各资源亚区的地理概况,行政区划、人口、民族,交通概况,历史沿革,旅游资源,地方文艺、宗教与民俗,风物特产。
606 0  @a旅游区@x概况@y中国
606 0  @a旅游区
690    @aF592.99@v4
701  0 @a吴玲@9wu ling@c(旅游商贸)@4主编
701  0 @a王世瑛@9wang shi ying@c(古建筑)@4主编
801  0 @aCN@bNLC@c20070805
905    @a10447@dF592.99@e184
    
    中国旅游地区概况/吴玲,王世瑛主编.-北京:旅游教育出版社,2006
    474页;26cm
    
    
    ISBN 7-5637-1405-7:CNY46.00
    本书基本以地理分区为章,以省、自治区、直辖市旅游资源亚区为节,介绍了各资源亚区的地理概况,行政区划、人口、民族,交通概况,历史沿革,旅游资源,地方文艺、宗教与民俗,风物特产。
●
相关链接 在E读中查询图书 在五车中查询图书 在当当中查询图书 在豆瓣中查询图书


正题名:中国旅游地区概况     索取号:F592.99/184         预约/预借

序号 登录号 条形码 馆藏地/架位号 状态 备注
1 0808387   208083875   第一样本阅览室/ [索取号:F592.99/184] 在馆    
2 0808388   208083884   第一借阅区/ [索取号:F592.99/184] 在馆    
3 0808389   208083893   密集书库/ [索取号:F592.99/184] 在馆    
4 0808390   208083900   第一借阅区/ [索取号:F592.99/184] 在馆    
5 0808391   208083919   密集书库/ [索取号:F592.99/184] 在馆    
6 0808392   208083928   第一借阅区/ [索取号:F592.99/184] 在馆    
7 0808393   208083937   第一借阅区/ [索取号:F592.99/184] 在馆    
8 0808394   208083946   密集书库/ [索取号:F592.99/184] 在馆    
9 0808395   208083955   第一借阅区/ [索取号:F592.99/184] 在馆    
10 0808396   208083964   第一借阅区/ [索取号:F592.99/184] 在馆    
唐山师范学院图书馆 欢迎您!
大连网信软件有限公司© 版权所有